Loading...
| Literature - American | 1 | 5 | 1 | 0 | 60 | 68 | 101.17 | 1 | 6 | 0.00 | 0.00 |
| 1 | 5 | 1 | 1 | 60 | 69 | 108.17 | 1 | 6 | 0.00 | 0.00 | |
| Literature - European | 0 | 5 | 1 | 0 | 45 | 91 | 109.20 | 0 | 5 | 0.00 | 0.00 |
| World and Other Literature | 1 | 1 | 0 | 0 | 25 | 68 | 114.50 | 1 | 2 | 0.00 | 0.00 |
| Philosophy | 0 | 3 | 1 | 2 | 25 | 131 | 145.00 | 0 | 3 | 0.00 | 0.00 |
| Literature - British | 1 | 2 | 2 | 0 | 25 | 37 | 91.00 | 1 | 3 | 0.00 | 0.00 |
| Other Arts: Visual | 0 | 2 | 0 | 0 | 20 | 121 | 121.00 | 0 | 2 | 0.00 | 0.00 |
| Beliefs | 0 | 3 | 3 | 0 | 15 | 74 | 98.67 | 0 | 3 | 0.00 | 0.00 |
| Geography | 0 | 1 | 0 | 0 | 10 | 99 | 99.00 | 0 | 0 | 0.00 | 0.00 |
| History - American | 0 | 1 | 0 | 1 | 10 | 118 | 118.00 | 0 | 1 | 0.00 | 0.00 |
| Other Arts: Auditory | 0 | 1 | 0 | 0 | 10 | 118 | 118.00 | 0 | 1 | 0.00 | 0.00 |
| Science - Biology | 0 | 1 | 0 | 0 | 10 | 120 | 120.00 | 0 | 0 | 0.00 | 0.00 |
| Science - Physics | 0 | 1 | 0 | 0 | 10 | 88 | 88.00 | 1 | 1 | 0.00 | 0.00 |
| Social Science | 0 | 2 | 2 | 1 | 10 | 96 | 114.00 | 0 | 2 | 0.00 | 0.00 |
| History - World | 0 | 0 | 0 | 0 | 0 | 0.00 | 0 | 0 | 0.00 | 0.00 | |
| British and Commonwealth History | 0 | 0 | 1 | 0 | -5 | 0.00 | 0 | 0 | 0.00 | 0.00 | |
| Fine Arts - Visual | 0 | 0 | 2 | 0 | -10 | 0.00 | 0 | 0 | 0.00 | 0.00 |